000 00486nam a2200181Ia 4500
008 230917s9999||||xx |||||||||||||| ||und||
020 _cRS730
040 _e256161
_aMAIN
041 _aEnglish
082 _a954.025 H114A(3)
100 _aHabib, Irfan
245 0 _aAgrarian system of Mughal India
250 _a3rd ed.
260 _aNew Delhi
_bOxford University Press
_c2014
300 _axvii, 548 p.
500 _a3494 15/07/2019 RK19/974 06/08/2019 Main Budget
942 _cBK
999 _c31541
_d31541